000
00284nam a2200121Ia 4500
008
230303s9999 xx 000 0 und d
041
_a
eng
082
_a
621.815 NAG
100
_a
NagpaL (G.R)
245
_a
Metal Forming Processes
260
_a
NEW DELHI
_b
Khanna Pub
365
_c
RS
999
_c
182149
_d
182149